| 000 | 01265 a2200217 4500 | ||
|---|---|---|---|
| 003 | NUST | ||
| 005 | 20221221125209.0 | ||
| 010 | _a 74009750 | ||
| 020 | _a0471518409 | ||
| 040 | _cNust | ||
| 082 | 0 | 0 | _a353.902854,LAU |
| 100 | 1 |
_aLaudon, Kenneth C., _918040 |
|
| 245 | 1 | 0 |
_aComputers and bureaucratic reform : _bthe political functions of urban information systems / _cKenneth C. Laudon. |
| 260 |
_aNew York, _bWiley _c[1974] |
||
| 300 |
_axv, 325 p.; _c24 cm. |
||
| 505 | _aTechnology and Bureaucratic Reform (Page-3), Computers: Hardware, Software and Technology (Page-17), Bureaucratic Change and Technology (Page-23), The Context of Bureaucratic Reform in the 1906s (Page-35), Bureaucratic Innovation and Bureaucratic Reform (Page-57),Toward a Morphology of Bureaucratic Reform (Page-62),Total Efficiency in Western Country (Page-), A Police Regional Information Systems (Page-174), An Emerging Sate Department of Justice (Page-222), Criminal Information Network of Western State (Page-276), Conclusion (Page-301). | ||
| 650 | 0 |
_aLocal government _zUnited States _xCase studies. _9105546 |
|
| 650 | 0 |
_aPublic administration _xData processing. _9105547 |
|
| 650 | 0 |
_aState governments _zUnited States _xCase studies. _9105548 |
|
| 942 |
_2ddc _cBK _k353.902854,LAU |
||
| 999 |
_c184758 _d184758 |
||